| 000 | 00412nam a22001577a 4500 | ||
|---|---|---|---|
| 005 | 20240108154438.0 | ||
| 008 | 190528b xxu||||| |||| 00| 0 eng d | ||
| 020 | _a978-93-86084-76-7 | ||
| 041 | _aeng | ||
| 100 |
_aGUPTA, DR, G.D. ,SHARMA ,DR. SHAIESH.,AND SHARMA ,NEELAM _98327 |
||
| 245 | _aPHARMACEUTICS - I | ||
| 250 | _a5th ED. , 2019 | ||
| 260 |
_aPUNE _bNIRALI PRAKASHAN |
||
| 300 | _a68p, | ||
| 942 | _cBK | ||
| 999 |
_c5882 _d5880 |
||